| 000 | 01369nam a22003857a 4500 | ||
|---|---|---|---|
| 005 | 20240530110435.0 | ||
| 008 | 150407s2010 xxuaok f 000 0 eng d | ||
| 017 |
_a2010/5383 _bمصر . دار الكتب المصرية |
||
| 020 | _a9789774799599 | ||
| 040 | _aEG-CaGPL | ||
| 082 | 0 | 4 |
_221 _a523\ _bت م |
| 100 | 1 | _aتايلور ، ستيوارت روس | |
| 245 | 1 | 0 |
_aمنظومتنا الشمسية وموضعها من الكون : _bالمصير ... او الصدفة / _cتاليف ستيوارت روس تايلور ؛ ترجمة و تقديم عاطف يوسف محمود |
| 250 | _aط1 | ||
| 260 |
_aالقاهرة : _bالمركز القومى للترجمة ، _c2010. |
||
| 300 |
_a378 ص : _bصور ؛ _c24 سم. |
||
| 490 |
_aالمشروع القومى للترجمة ؛ _v1597 |
||
| 650 | 0 | 4 | _aالفلك |
| 650 | 0 | 4 | _aالنظام الشمسى |
| 650 | 0 | 4 | _aالكون |
| 650 | 0 | 4 | _aالنجوم |
| 650 | 0 | 4 | _aالشمس |
| 650 | 0 | 4 | _aالكواكب |
| 650 | 0 | 4 |
_aالكواكب _xانواع |
| 650 | 0 | 4 | _aالمذنبات |
| 650 | 0 | 4 | _aالكويكبات |
| 650 | 0 | 4 | _aالمريخ |
| 650 | 0 | 4 | _aالزهرة |
| 650 | 0 | 4 | _aالارض |
| 650 | 0 | 4 | _aالقمر |
| 650 | 0 | 4 | _aعطارد |
| 700 | 0 |
_aعاطف يوسف محمود _eمترجم و مقدم |
|
| 942 |
_2ddc _cBK |
||
| 999 |
_c60929 _d60929 |
||